[Event "DEM U8 2024"]
[Site "Willingen GER"]
[Date "2024.05.22"]
[Round "1"]
[White "Ranganathan, Aadith"]
[Black "Peterson, James"]
[Result "1-0"]
[Termination "normal"]
[Board "1"]
[WhiteElo "1666"]
[BlackElo "1171"]
[WhiteClock "00:36:45"]
[BlackClock "00:09:25"]
[PlyCount "118"]
[WhiteFideId "34667121"]
[BlackFideId "34692452"]
[EventCountry "GER"]
[EventRounds "7"]
[EventType "swiss"]
[EventDate "2024.05.21"]

1. e4 {[%clk 01:00:24]} {[%emt 00:00:06]} c6 {[%clk 01:00:23]} {[%emt
00:00:07]} 2. d4 {[%clk 01:00:16]} {[%emt 00:00:24]} d5 {[%clk 01:00:27]}
{[%emt 00:00:10]} 3. exd5 {[%clk 01:00:14]} {[%emt 00:00:17]} cxd5 {[%clk
01:00:19]} {[%emt 00:00:22]} 4. Bd3 {[%clk 01:00:02]} {[%emt 00:00:26]} Nc6
{[%clk 01:00:07]} {[%emt 00:00:28]} 5. c3 {[%clk 00:59:34]} {[%emt 00:00:44]}
Nf6 {[%clk 01:00:03]} {[%emt 00:00:17]} 6. h3 {[%clk 00:59:33]} {[%emt
00:00:17]} g6 {[%clk 00:59:19]} {[%emt 00:00:57]} 7. Bf4 {[%clk 00:58:24]}
{[%emt 00:01:26]} Bg7 {[%clk 00:58:56]} {[%emt 00:00:39]} 8. Nf3 {[%clk
00:57:56]} {[%emt 00:00:43]} O-O {[%clk 00:57:57]} {[%emt 00:01:13]} 9. O-O
{[%clk 00:57:54]} {[%emt 00:00:16]} b6 {[%clk 00:56:02]} {[%emt 00:02:11]} 10.
Re1 {[%clk 00:54:09]} {[%emt 00:04:00]} Bb7 {[%clk 00:55:46]} {[%emt 00:00:30]}
11. Nbd2 {[%clk 00:51:42]} {[%emt 00:02:42]} Re8 {[%clk 00:52:39]} {[%emt
00:03:22]} 12. Bh2 {[%clk 00:49:42]} {[%emt 00:02:15]} e6 {[%clk 00:48:59]}
{[%emt 00:03:55]} 13. Ne5 {[%clk 00:49:38]} {[%emt 00:00:19]} Nxe5 {[%clk
00:47:19]} {[%emt 00:01:55]} 14. Bxe5 {[%emt 00:02:18]} Nd7 {[%clk 00:45:38]}
{[%emt 00:00:01]} 15. Bxg7 {[%clk 00:47:59]} {[%emt 00:01:45]} Kxg7 {[%clk
00:45:39]} {[%emt 00:00:14]} 16. Nf3 {[%clk 00:47:23]} {[%emt 00:00:51]} Qf6
{[%clk 00:42:49]} {[%emt 00:03:06]} 17. Bb5 {[%clk 00:47:27]} {[%emt 00:00:12]}
Bc8 {[%clk 00:39:19]} {[%emt 00:03:43]} 18. Ne5 {[%clk 00:47:27]} {[%emt
00:00:15]} Rd8 {[%clk 00:39:03]} {[%emt 00:00:30]} 19. Bxd7 {[%clk 00:45:47]}
{[%emt 00:01:57]} Bxd7 {[%clk 00:38:48]} {[%emt 00:00:29]} 20. Re3 {[%clk
00:45:57]} {[%emt 00:00:05]} Be8 {[%clk 00:38:02]} {[%emt 00:00:57]} 21. Rf3
{[%clk 00:45:27]} {[%emt 00:00:50]} Qe7 {[%clk 00:37:55]} {[%emt 00:00:22]} 22.
Qd2 {[%clk 00:45:29]} {[%emt 00:00:13]} f6 {[%clk 00:37:46]} {[%emt 00:00:20]}
23. Ng4 {[%clk 00:45:36]} {[%emt 00:00:10]} f5 {[%clk 00:36:13]} {[%emt
00:01:48]} 24. Qh6+ {[%clk 00:45:02]} {[%emt 00:00:49]} Kg8 {[%clk 00:36:11]}
{[%emt 00:00:17]} 25. Ne5 {[%clk 00:45:11]} {[%emt 00:00:08]} Qg7 {[%clk
00:34:04]} {[%emt 00:02:19]} 26. Qe3 {[%clk 00:45:09]} {[%emt 00:00:19]} Bf7
{[%clk 00:28:16]} {[%emt 00:06:02]} 27. h4 {[%clk 00:45:06]} {[%emt 00:00:19]}
h5 {[%clk 00:28:01]} {[%emt 00:00:28]} 28. Qf4 {[%clk 00:44:45]} {[%emt
00:00:32]} Rf8 {[%clk 00:25:50]} {[%emt 00:02:27]} 29. Re1 {[%clk 00:43:11]}
{[%emt 00:01:53]} a6 {[%clk 00:23:37]} {[%emt 00:02:28]} 30. Rg3 {[%clk
00:42:34]} {[%emt 00:00:53]} Kh8 {[%clk 00:22:54]} {[%emt 00:00:58]} 31. Nxf7+
{[%clk 00:40:13]} {[%emt 00:02:37]} Qxf7 {[%clk 00:22:43]} {[%emt 00:00:21]}
32. Rxe6 {[%clk 00:39:09]} {[%emt 00:01:23]} Qxe6 {[%clk 00:21:55]} {[%emt
00:01:03]} 33. Qh6+ {[%clk 00:39:18]} {[%emt 00:00:07]} Kg8 {[%clk 00:21:55]}
{[%emt 00:00:13]} 34. Rxg6+ {[%clk 00:39:29]} {[%emt 00:00:05]} Qxg6 {[%clk
00:21:56]} {[%emt 00:00:14]} 35. Qxg6+ {[%clk 00:39:37]} {[%emt 00:00:07]} Kh8
{[%clk 00:21:52]} {[%emt 00:00:17]} 36. Qxh5+ {[%clk 00:39:46]} {[%emt
00:00:07]} Kg8 {[%clk 00:21:34]} {[%emt 00:00:30]} 37. Qg6+ {[%clk 00:39:57]}
{[%emt 00:00:08]} Kh8 {[%clk 00:21:24]} {[%emt 00:00:24]} 38. h5 {[%clk
00:40:07]} {[%emt 00:00:05]} Ra7 {[%clk 00:20:46]} {[%emt 00:00:53]} 39. Qd6
{[%clk 00:39:47]} {[%emt 00:00:35]} Kg8 {[%clk 00:19:31]} {[%emt 00:01:29]} 40.
Qxd5+ {[%clk 00:39:53]} {[%emt 00:00:11]} Raf7 {[%clk 00:19:01]} {[%emt
00:00:44]} 41. Qe6 {[%clk 00:39:57]} {[%emt 00:00:10]} Kh7 {[%clk 00:18:35]}
{[%emt 00:00:37]} 42. Qg6+ {[%clk 00:39:57]} {[%emt 00:00:19]} Kh8 {[%clk
00:18:14]} {[%emt 00:00:35]} 43. h6 {[%clk 00:40:02]} {[%emt 00:00:13]} Rh7
{[%clk 00:17:59]} {[%emt 00:00:27]} 44. d5 {[%clk 00:39:39]} {[%emt 00:00:39]}
Rff7 {[%clk 00:15:51]} {[%emt 00:02:23]} 45. Qxb6 {[%clk 00:39:21]} {[%emt
00:00:35]} Rf8 {[%clk 00:13:26]} {[%emt 00:02:37]} 46. c4 {[%clk 00:39:14]}
{[%emt 00:00:25]} f4 {[%clk 00:13:21]} {[%emt 00:00:20]} 47. c5 {[%emt
00:01:30]} f3 {[%clk 00:11:45]} {[%emt 00:01:16]} 48. gxf3 {[%clk 00:38:33]}
{[%emt 00:00:16]} Re7 {[%clk 00:11:31]} {[%emt 00:00:20]} 49. Kf1 {[%clk
00:38:03]} {[%emt 00:00:49]} Rfe8 {[%clk 00:11:06]} {[%emt 00:00:39]} 50. Qb4
{[%clk 00:36:58]} {[%emt 00:01:25]} Rf8 {[%clk 00:09:49]} {[%emt 00:01:31]} 51.
c6 {[%clk 00:36:38]} {[%emt 00:00:37]} Ref7 {[%clk 00:09:25]} {[%emt 00:00:40]}
52. Qc3+ Kg8 53. d6 Rf6 54. Qxf6 Rxf6 55. d7 Rd6 56. c7 Rd1+ 57. Kg2 Kh7 58.
d8=Q Rxd8 59. cxd8=Q Kxh6 1-0

[Event "DEM U8 2024"]
[Site "Willingen GER"]
[Date "2024.05.22"]
[Round "1"]
[White "Mukazhanov, Arslan"]
[Black "Besou, Jad"]
[Result "1/2-1/2"]
[Termination "normal"]
[Board "2"]
[WhiteElo "1567"]
[BlackElo "1679"]
[WhiteClock "00:34:42"]
[BlackClock "00:18:19"]
[PlyCount "102"]
[WhiteFideId "34647686"]
[BlackFideId "34631348"]
[EventCountry "GER"]
[EventRounds "7"]
[EventType "swiss"]
[EventDate "2024.05.21"]

1. e4 {[%clk 01:00:28]} {[%emt 00:00:02]} e5 {[%clk 01:00:18]} {[%emt
00:00:13]} 2. Nf3 {[%clk 01:00:34]} {[%emt 00:00:08]} Nc6 {[%clk 00:59:58]}
{[%emt 00:00:36]} 3. Bc4 {[%clk 01:00:25]} {[%emt 00:00:23]} Bc5 {[%clk
00:59:47]} {[%emt 00:00:25]} 4. c3 {[%clk 01:00:31]} {[%emt 00:00:11]} Nf6
{[%clk 00:59:13]} {[%emt 00:00:49]} 5. d3 {[%clk 01:00:34]} {[%emt 00:00:12]}
d6 {[%clk 00:57:30]} {[%emt 00:01:57]} 6. Be3 {[%clk 01:00:33]} {[%emt
00:00:15]} Bxe3 {[%clk 00:56:42]} {[%emt 00:01:05]} 7. fxe3 {[%clk 01:00:45]}
{[%emt 00:00:04]} O-O {[%clk 00:56:15]} {[%emt 00:00:42]} 8. d4 {[%clk
01:00:32]} {[%emt 00:00:27]} exd4 {[%clk 00:50:51]} {[%emt 00:05:40]} 9. Nxd4
{[%clk 00:58:15]} {[%emt 00:02:33]} Nxe4 {[%clk 00:48:14]} {[%emt 00:02:51]}
10. O-O {[%clk 00:57:36]} {[%emt 00:00:54]} Qe7 {[%clk 00:42:57]} {[%emt
00:05:32]} 11. Qh5 {[%clk 00:54:33]} {[%emt 00:03:19]} Ne5 {[%clk 00:39:49]}
{[%emt 00:03:22]} 12. Bb3 {[%clk 00:53:31]} {[%emt 00:01:17]} Bg4 {[%clk
00:38:32]} {[%emt 00:01:32]} 13. Nf5 {[%clk 00:51:49]} {[%emt 00:01:57]} Bxf5
{[%clk 00:35:00]} {[%emt 00:03:46]} 14. Qxf5 {[%clk 00:51:45]} {[%emt
00:00:20]} Nf6 {[%clk 00:35:00]} {[%emt 00:00:16]} 15. Nd2 {[%clk 00:51:11]}
{[%emt 00:00:49]} Ned7 {[%clk 00:32:46]} {[%emt 00:02:29]} 16. Rae1 {[%clk
00:50:17]} {[%emt 00:01:09]} Nc5 {[%clk 00:31:25]} {[%emt 00:01:36]} 17. Bc2
{[%clk 00:49:54]} {[%emt 00:00:38]} Rfe8 {[%clk 00:29:08]} {[%emt 00:02:33]}
18. Nb3 {[%clk 00:48:45]} {[%emt 00:01:23]} Nxb3 {[%clk 00:29:00]} {[%emt
00:00:24]} 19. Bxb3 {[%clk 00:48:45]} {[%emt 00:00:16]} Qe5 {[%clk 00:28:59]}
{[%emt 00:00:15]} 20. Qf3 {[%clk 00:48:09]} {[%emt 00:00:50]} Qe4 {[%clk
00:28:52]} {[%emt 00:00:23]} 21. Qe2 {[%clk 00:47:52]} {[%emt 00:00:31]} a6
{[%clk 00:28:45]} {[%emt 00:00:22]} 22. Rf4 {[%clk 00:47:42]} {[%emt 00:00:25]}
Qxf4 {[%clk 00:28:31]} {[%emt 00:00:30]} 23. exf4 {[%clk 00:47:37]} {[%emt
00:00:19]} Rxe2 {[%clk 00:28:40]} {[%emt 00:00:06]} 24. Rxe2 {[%clk 00:47:24]}
{[%emt 00:00:28]} Re8 {[%clk 00:28:49]} {[%emt 00:00:08]} 25. Rxe8+ {[%clk
00:46:19]} {[%emt 00:01:19]} Nxe8 {[%clk 00:28:55]} {[%emt 00:00:09]} 26. Kf2
{[%clk 00:46:09]} {[%emt 00:00:24]} Kf8 {[%clk 00:29:02]} {[%emt 00:00:08]} 27.
Ke3 {[%clk 00:46:16]} {[%emt 00:00:09]} Ke7 {[%clk 00:29:10]} {[%emt 00:00:06]}
28. Ke4 {[%clk 00:45:54]} {[%emt 00:00:38]} Nf6+ {[%clk 00:29:13]} {[%emt
00:00:10]} 29. Kf3 {[%clk 00:45:24]} {[%emt 00:00:45]} b5 {[%clk 00:29:14]}
{[%emt 00:00:14]} 30. a4 {[%clk 00:44:49]} {[%emt 00:00:50]} c5 {[%clk
00:29:20]} {[%emt 00:00:09]} 31. axb5 {[%clk 00:44:22]} {[%emt 00:00:42]} axb5
{[%clk 00:29:29]} {[%emt 00:00:07]} 32. g4 {[%clk 00:44:04]} {[%emt 00:00:34]}
h6 {[%clk 00:29:17]} {[%emt 00:00:29]} 33. h4 {[%clk 00:44:04]} {[%emt
00:00:13]} c4 {[%clk 00:29:06]} {[%emt 00:00:27]} 34. Bc2 {[%clk 00:44:09]}
{[%emt 00:00:10]} d5 {[%clk 00:29:11]} {[%emt 00:00:10]} 35. g5 {[%clk
00:43:59]} {[%emt 00:00:24]} hxg5 {[%clk 00:29:11]} {[%emt 00:00:14]} 36. fxg5
{[%clk 00:43:36]} {[%emt 00:00:38]} Nd7 {[%clk 00:29:10]} {[%emt 00:00:18]} 37.
h5 {[%clk 00:42:51]} {[%emt 00:00:59]} Nf8 {[%clk 00:26:04]} {[%emt 00:03:21]}
38. h6 {[%clk 00:42:22]} {[%emt 00:00:44]} g6 {[%clk 00:26:12]} {[%emt
00:00:08]} 39. Kf4 {[%clk 00:41:44]} {[%emt 00:00:53]} Ke6 {[%clk 00:26:15]}
{[%emt 00:00:12]} 40. b3 {[%clk 00:41:14]} {[%emt 00:00:45]} Nh7 {[%clk
00:25:20]} {[%emt 00:01:10]} 41. bxc4 {[%clk 00:40:33]} {[%emt 00:00:56]} bxc4
{[%clk 00:25:23]} {[%emt 00:00:13]} 42. Bd1 {[%clk 00:40:26]} {[%emt 00:00:21]}
f6 {[%clk 00:25:17]} {[%emt 00:00:21]} 43. gxf6 {[%clk 00:39:38]} {[%emt
00:01:03]} Kxf6 {[%clk 00:25:19]} {[%emt 00:00:12]} 44. Bc2 {[%clk 00:38:52]}
{[%emt 00:01:02]} Nf8 {[%clk 00:25:19]} {[%emt 00:00:14]} 45. Ba4 {[%clk
00:38:38]} {[%emt 00:00:30]} Ne6+ {[%clk 00:25:15]} {[%emt 00:00:20]} 46. Kg4
{[%clk 00:38:25]} {[%emt 00:00:26]} Nc7 {[%clk 00:24:00]} {[%emt 00:01:32]} 47.
Bc6 {[%clk 00:37:46]} {[%emt 00:00:53]} Kf7 {[%clk 00:21:53]} {[%emt 00:02:23]}
48. Kg5 {[%clk 00:36:55]} {[%emt 00:01:05]} Ne6+ {[%clk 00:20:51]} {[%emt
00:01:17]} 49. Kg4 {[%clk 00:36:41]} {[%emt 00:00:29]} d4 {[%clk 00:20:45]}
{[%emt 00:00:21]} 50. cxd4 {[%clk 00:36:19]} {[%emt 00:00:36]} c3 {[%clk
00:20:27]} {[%emt 00:00:34]} 51. Be8+ {[%clk 00:34:42]} {[%emt 00:01:52]} Kf6
{[%clk 00:18:19]} {[%emt 00:02:23]} 1/2-1/2

[Event "DEM U8 2024"]
[Site "Willingen GER"]
[Date "2024.05.22"]
[Round "1"]
[White "Reese, Oscar"]
[Black "Ni, Wilhelm Zeyin"]
[Result "1/2-1/2"]
[Termination "normal"]
[Board "3"]
[WhiteElo "1650"]
[BlackElo "1696"]
[WhiteClock "00:23:06"]
[BlackClock "00:24:21"]
[PlyCount "62"]
[WhiteFideId "34644474"]
[BlackFideId "34675337"]
[EventCountry "GER"]
[EventRounds "7"]
[EventType "swiss"]
[EventDate "2024.05.21"]

1. e4 {[%clk 01:00:25]} {[%emt 00:00:05]} e5 {[%clk 01:00:20]} {[%emt
00:00:11]} 2. Nf3 {[%clk 01:00:28]} {[%emt 00:00:10]} Nc6 {[%clk 01:00:26]}
{[%emt 00:00:11]} 3. Bb5 {[%clk 01:00:36]} {[%emt 00:00:06]} Nf6 {[%clk
01:00:25]} {[%emt 00:00:16]} 4. O-O {[%clk 01:00:19]} {[%emt 00:00:31]} Be7
{[%clk 00:59:13]} {[%emt 00:01:28]} 5. Bxc6 {[%clk 01:00:06]} {[%emt 00:00:28]}
dxc6 {[%clk 00:59:17]} {[%emt 00:00:11]} 6. Nxe5 {[%clk 01:00:09]} {[%emt
00:00:11]} Qd4 {[%clk 00:57:38]} {[%emt 00:01:54]} 7. Nf3 {[%clk 01:00:10]}
{[%emt 00:00:15]} Qxe4 {[%clk 00:57:05]} {[%emt 00:00:48]} 8. Re1 {[%clk
01:00:05]} {[%emt 00:00:18]} Qg6 {[%clk 00:56:58]} {[%emt 00:00:23]} 9. d4
{[%clk 00:59:04]} {[%emt 00:01:18]} Bg4 {[%clk 00:53:53]} {[%emt 00:03:19]} 10.
Qe2 {[%clk 00:57:19]} {[%emt 00:02:01]} Ng8 {[%clk 00:51:08]} {[%emt 00:02:59]}
11. Bf4 {[%clk 00:56:09]} {[%emt 00:01:25]} O-O-O {[%clk 00:49:01]} {[%emt
00:02:22]} 12. c3 {[%clk 00:51:57]} {[%emt 00:04:27]} Bd6 {[%clk 00:46:26]}
{[%emt 00:02:49]} 13. Bxd6 {[%clk 00:51:05]} {[%emt 00:01:09]} cxd6 {[%clk
00:45:24]} {[%emt 00:01:16]} 14. Nbd2 {[%clk 00:49:18]} {[%emt 00:02:01]} Nf6
{[%clk 00:43:13]} {[%emt 00:02:26]} 15. Kh1 {[%clk 00:44:04]} {[%emt 00:05:28]}
Rhe8 {[%clk 00:41:13]} {[%emt 00:02:15]} 16. Qc4 {[%clk 00:43:10]} {[%emt
00:01:10]} Kb8 {[%clk 00:38:33]} {[%emt 00:02:55]} 17. a4 {[%clk 00:39:59]}
{[%emt 00:03:26]} d5 {[%clk 00:36:38]} {[%emt 00:02:11]} 18. Qb3 {[%clk
00:37:30]} {[%emt 00:02:43]} Ne4 {[%clk 00:34:37]} {[%emt 00:02:16]} 19. Nxe4
{[%clk 00:37:00]} {[%emt 00:00:45]} Rxe4 {[%clk 00:34:21]} {[%emt 00:00:32]}
20. Ne5 {[%clk 00:36:57]} {[%emt 00:00:18]} Qe6 {[%clk 00:34:20]} {[%emt
00:00:14]} 21. f3 {[%clk 00:35:07]} {[%emt 00:02:06]} Rxe1+ {[%clk 00:34:28]}
{[%emt 00:00:07]} 22. Rxe1 {[%clk 00:34:58]} {[%emt 00:00:24]} Bf5 {[%clk
00:33:59]} {[%emt 00:00:44]} 23. Nd3 {[%clk 00:33:55]} {[%emt 00:01:18]} Qc8
{[%clk 00:32:44]} {[%emt 00:01:30]} 24. Nc5 {[%clk 00:32:42]} {[%emt 00:01:30]}
Ka8 {[%clk 00:31:46]} {[%emt 00:01:13]} 25. a5 {[%clk 00:32:02]} {[%emt
00:00:55]} h6 {[%clk 00:30:20]} {[%emt 00:01:40]} 26. g4 {[%clk 00:31:29]}
{[%emt 00:00:48]} Be6 {[%clk 00:29:59]} {[%emt 00:00:36]} 27. h3 {[%clk
00:29:54]} {[%emt 00:01:50]} Re8 {[%clk 00:28:07]} {[%emt 00:02:07]} 28. Ra1
{[%clk 00:26:52]} {[%emt 00:03:17]} Qc7 {[%clk 00:27:08]} {[%emt 00:01:13]} 29.
Kg2 {[%clk 00:26:51]} {[%emt 00:00:17]} Bc8 {[%clk 00:26:32]} {[%emt 00:00:51]}
30. Qc2 {[%clk 00:26:30]} {[%emt 00:00:34]} Qe7 {[%clk 00:25:25]} {[%emt
00:01:23]} 31. Qf2 {[%clk 00:23:06]} {[%emt 00:03:40]} Qe2 {[%clk 00:24:21]}
{[%emt 00:01:17]} 1/2-1/2

[Event "DEM U8 2024"]
[Site "Willingen GER"]
[Date "2024.05.22"]
[Round "1"]
[White "Graf, Tom"]
[Black "Mudriievskyi, Jan"]
[Result "1/2-1/2"]
[Termination "normal"]
[Board "4"]
[WhiteElo "1456"]
[BlackElo "1672"]
[WhiteClock "00:32:42"]
[BlackClock "00:25:06"]
[PlyCount "78"]
[WhiteFideId "34622420"]
[BlackFideId "34676473"]
[EventCountry "GER"]
[EventRounds "7"]
[EventType "swiss"]
[EventDate "2024.05.21"]

1. e4 {[%clk 01:00:27]} c5 {[%clk 01:00:25]} {[%emt 00:00:07]} 2. Nf3 {[%clk
01:00:27]} {[%emt 00:00:15]} d6 {[%clk 01:00:29]} {[%emt 00:00:09]} 3. d4
{[%clk 01:00:29]} {[%emt 00:00:14]} cxd4 {[%clk 01:00:35]} {[%emt 00:00:08]} 4.
Nxd4 {[%clk 01:00:33]} {[%emt 00:00:12]} Nf6 {[%clk 01:00:42]} {[%emt
00:00:08]} 5. Nc3 {[%clk 01:00:31]} {[%emt 00:00:17]} g6 {[%clk 01:00:35]}
{[%emt 00:00:22]} 6. Be3 {[%clk 01:00:30]} {[%emt 00:00:16]} Bg7 {[%clk
01:00:39]} {[%emt 00:00:12]} 7. Bc4 {[%clk 01:00:15]} {[%emt 00:00:30]} O-O
{[%clk 01:00:39]} {[%emt 00:00:16]} 8. O-O {[%clk 01:00:15]} {[%emt 00:00:15]}
Nc6 {[%clk 01:00:40]} {[%emt 00:00:13]} 9. a3 {[%clk 00:59:34]} {[%emt
00:00:56]} Bd7 {[%clk 01:00:35]} {[%emt 00:00:19]} 10. Re1 {[%clk 00:59:06]}
{[%emt 00:00:44]} Rc8 {[%clk 00:58:36]} {[%emt 00:02:15]} 11. Ba2 {[%clk
00:58:50]} {[%emt 00:00:30]} Ne5 {[%clk 00:58:08]} {[%emt 00:00:43]} 12. f4
{[%clk 00:58:23]} {[%emt 00:00:41]} Nc4 {[%clk 00:58:08]} {[%emt 00:00:15]} 13.
Bxc4 {[%clk 00:58:17]} {[%emt 00:00:21]} Rxc4 {[%clk 00:58:02]} {[%emt
00:00:22]} 14. Qd3 {[%clk 00:58:07]} {[%emt 00:00:21]} Rc8 {[%clk 00:57:31]}
{[%emt 00:00:49]} 15. Rf1 {[%clk 00:56:07]} {[%emt 00:02:15]} Ng4 {[%clk
00:56:27]} {[%emt 00:01:20]} 16. Rae1 {[%clk 00:55:15]} {[%emt 00:01:07]} Nxe3
{[%clk 00:56:22]} {[%emt 00:00:19]} 17. Rxe3 {[%clk 00:55:18]} {[%emt
00:00:12]} Qb6 {[%clk 00:56:13]} {[%emt 00:00:24]} 18. Nb3 {[%clk 00:53:38]}
{[%emt 00:01:55]} Be6 {[%clk 00:55:25]} {[%emt 00:00:59]} 19. Na4 {[%clk
00:50:13]} {[%emt 00:03:44]} Qc6 {[%emt 00:03:15]} 20. Nc3 {[%clk 00:48:07]}
Qc4 {[%clk 00:52:27]} {[%emt 00:02:29]} 21. Qxc4 {[%clk 00:47:33]} {[%emt
00:00:53]} Bxc4 {[%clk 00:52:26]} {[%emt 00:00:16]} 22. Rd1 {[%clk 00:47:17]}
{[%emt 00:00:30]} Rfe8 {[%clk 00:43:25]} {[%emt 00:09:16]} 23. Rg3 {[%clk
00:46:23]} {[%emt 00:01:10]} Bh6 {[%clk 00:38:57]} {[%emt 00:04:43]} 24. f5
{[%clk 00:44:33]} {[%emt 00:02:04]} Bf4 {[%clk 00:38:15]} {[%emt 00:00:58]} 25.
Rg4 {[%clk 00:41:57]} {[%emt 00:02:50]} Be5 {[%clk 00:37:31]} {[%emt 00:01:00]}
26. fxg6 {[%clk 00:41:19]} {[%emt 00:00:53]} fxg6 {[%clk 00:36:30]} {[%emt
00:01:17]} 27. Nd4 {[%clk 00:38:34]} {[%emt 00:02:59]} Bf6 {[%clk 00:35:34]}
{[%emt 00:01:09]} 28. Rd2 {[%clk 00:37:51]} {[%emt 00:01:00]} Rf8 {[%clk
00:34:10]} {[%emt 00:01:38]} 29. g3 {[%clk 00:36:54]} {[%emt 00:01:09]} Bxd4+
{[%clk 00:32:04]} {[%emt 00:02:26]} 30. Rxd4 {[%clk 00:36:46]} {[%emt
00:00:22]} Bf1 {[%clk 00:32:09]} {[%emt 00:00:10]} 31. Rf4 {[%clk 00:36:32]}
{[%emt 00:00:27]} Bh3 {[%clk 00:31:09]} {[%emt 00:01:16]} 32. Rd2 {[%clk
00:35:48]} {[%emt 00:00:59]} Kg7 {[%clk 00:28:12]} {[%emt 00:03:11]} 33. Rdf2
{[%clk 00:35:11]} {[%emt 00:00:51]} Be6 {[%clk 00:27:18]} {[%emt 00:01:09]} 34.
Rxf8 {[%clk 00:35:06]} {[%emt 00:00:21]} Rxf8 {[%clk 00:27:11]} {[%emt
00:00:22]} 35. Rxf8 {[%clk 00:35:14]} {[%emt 00:00:08]} Kxf8 {[%clk 00:27:20]}
{[%emt 00:00:06]} 36. Kf2 {[%clk 00:34:48]} {[%emt 00:00:40]} Kf7 {[%clk
00:27:15]} {[%emt 00:00:19]} 37. Ke3 {[%clk 00:34:39]} {[%emt 00:00:25]} Kf6
{[%emt 00:01:41]} 38. h4 {[%clk 00:33:25]} a6 {[%clk 00:25:06]} {[%emt
00:02:28]} 39. Kf4 {[%clk 00:32:42]} {[%emt 00:00:55]} h6 {[%emt 00:01:59]}
1/2-1/2